|
|
|
|
| LEADER |
00000nam0a2200000 4500 |
| 001 |
377809 |
| 005 |
20231102012942.0 |
| 035 |
|
|
|a (RuTPU)RU\TPU\retro\35263
|
| 090 |
|
|
|a 377809
|
| 100 |
|
|
|a 20230406d1979 km y0rusy50 ca
|
| 101 |
0 |
|
|a rus
|
| 102 |
|
|
|a RU
|
| 105 |
|
|
|a a g 001zy
|
| 200 |
1 |
|
|a Синопсис: ключевые и коррелятивные таксоны пыльцы покрытосеменных (поздний мел - палеоген)
|e справочное пособие
|f Академия наук СССР, Геологический институт ; отв. ред. М. А. Петросьянц
|
| 210 |
|
|
|a Москва
|c Наука
|d 1979
|
| 215 |
|
|
|a 119 с.
|c ил.
|
| 320 |
|
|
|a Библиогр.: с. 92-102
|
| 606 |
1 |
|
|a Пыльца ископаемых растений
|2 stltpush
|3 (RuTPU)RU\TPU\subj\53289
|9 71605
|
| 610 |
1 |
|
|a справочные пособия
|
| 610 |
1 |
|
|a покрытосеменные
|
| 610 |
1 |
|
|a таксоны
|
| 610 |
1 |
|
|a поздний мел
|
| 610 |
1 |
|
|a палеоген
|
| 675 |
|
|
|a 561(035)
|v 4
|
| 702 |
|
1 |
|a Петросьянц
|b М. А.
|4 340
|
| 712 |
0 |
2 |
|a Академия наук СССР
|b Геологический институт
|c (Москва)
|2 stltpush
|3 (RuTPU)RU\TPU\col\11354
|9 25059
|
| 801 |
|
1 |
|a RU
|b 63413507
|c 20230406
|
| 942 |
|
|
|c BK
|